[Event "Titled Tuesday intern op 23rd Nov"]
[Site "Chess.com INT"]
[Date "2021.11.23"]
[Round "2"]
[White "Zhuravleva, Olga"]
[Black "Harika, Dronavalli"]
[Result "0-1"]
[WhiteElo "2278"]
[BlackElo "2511"]
[PlyCount "88"]
[EventDate "2021.11.23"]
[EventType "swiss (blitz)"]
[EventRounds "11"]
[EventCountry "USA"]
[SourceTitle "CBM 205 Extra"]
[Source "ChessBase"]
[SourceDate "2022.01.31"]
[SourceVersion "1"]
[SourceVersionDate "2022.01.31"]
[SourceQuality "1"]

1. e4 c5 2. Nf3 Nc6 3. Nc3 e5 4. Bc4 Be7 5. 0-0 d6 6. h3 Nf6 7. d3 0-0 8. Nd5 Nxd5 9. Bxd5 Be6 10. Bb3 Kh8 11. c3 d5 12. exd5 Bxd5 13. Re1 Bf6 14. Be3 b6 15. Bxd5 Qxd5 16. Qc2 Rad8 17. Rad1 Rd7 18. Qa4 Re8 19. Qe4 h6 20. Qf5 Ne7 21. Qh5 Ng6 22. a3 Kg8 23. Qf5 Red8 24. Bxh6 Qe6 25. Qxe6 fxe6 26. Be3 e4 27. Ng5 exd3 28. Nxe6 Re8 29. Bd2 Kf7 30. Nf4 Nxf4 31. Bxf4 c4 32. Rxe8 Kxe8 33. g4 g5 34. Be3 Kf7 35. Kg2 b5 36. Bd2 a5 37. Rh1 b4 38. axb4 axb4 39. cxb4 Bxb2 40. Bxg5 c3 41. h4 d2 42. Rd1 Ke6 43. h5 Rd5 44. Be3 c2 0-1

[Event "Titled Tuesday intern op 16th Nov"]
[Site "Chess.com INT"]
[Date "2021.11.16"]
[Round "4"]
[White "Stankovic, Ivan G"]
[Black "Zhuravleva, Olga"]
[Result "1/2-1/2"]
[WhiteElo "2255"]
[BlackElo "2278"]
[PlyCount "173"]
[EventDate "2021.11.16"]
[EventType "swiss (blitz)"]
[EventRounds "11"]
[EventCountry "USA"]
[SourceTitle "CBM 205 Extra"]
[Source "ChessBase"]
[SourceDate "2022.01.31"]
[SourceVersion "1"]
[SourceVersionDate "2022.01.31"]
[SourceQuality "1"]

1. e4 e5 2. d4 exd4 3. Qxd4 Nc6 4. Qe3 Nf6 5. Nc3 Bb4 6. Bd2 0-0 7. 0-0-0 Re8 8. f3 d5 9. Qf2 dxe4 10. Bg5 Qe7 11. Nd5 Qe5 12. Bxf6 gxf6 13. fxe4 f5 14. Nf3 Qg7 15. e5 Nxe5 16. Nxe5 Qxe5 17. Nxb4 c6 18. Qg3+ Qxg3 19. hxg3 Be6 20. a3 Kh8 21. Nd3 Rg8 22. Nf4 Rxg3 23. Nxe6 fxe6 24. Rd7 Rg7 25. Rxg7 Kxg7 26. Bc4 e5 27. Kd2 Rd8+ 28. Ke3 Rd4 29. Bd3 Kg6 30. c3 Rg4 31. Kf2 e4 32. Be2 Rg5 33. g3 h6 34. Rh4 a6 35. b4 Kg7 36. Rf4 Kf6 37. Rh4 Rg6 38. Bh5 Rg5 39. Be8 Kg7 40. Bd7 e3+ 41. Kf3 e2 42. Rh1 Kf6 43. Re1 Rg7 44. Be8 Re7 45. Rxe2 Rg7 46. c4 Rg8 47. Bd7 Rd8 48. Be8 Rd3+ 49. Re3 Rd4 50. c5 Rd1 51. Bh5 Rf1+ 52. Kg2 Ra1 53. Bf3 Kg5 54. Kh3 Ra2 55. Rd3 Ra1 56. Rd7 Rxa3 57. Bg2 a5 58. Rxb7 axb4 59. Rxb4 Rc3 60. Bxc6 Rxc5 61. Bg2 Rc3 62. Rf4 h5 63. Bf1 Rb3 64. Bc4 Rc3 65. Bb5 Rc5 66. Bd7 Rd5 67. Bc8 Rc5 68. Bb7 Rb5 69. Bf3 Rb3 70. Be2 Re3 71. Bd1 Rd3 72. Bc2 Rd5 73. Bb3 Rb5 74. Bc4 Rc5 75. Bf1 Rc3 76. Rh4 Re3 77. Bg2 Rd3 78. Bf1 Re3 79. Bb5 Re1 80. Bd7 Rh1+ 81. Kg2 Rxh4 82. gxh4+ Kxh4 83. Bxf5 Kg5 84. Bh3 h4 85. Kh2 Kf4 86. Bc8 h3 87. Kxh3 1/2-1/2

[Event "Titled Tuesday intern op 16th Nov"]
[Site "Chess.com INT"]
[Date "2021.11.16"]
[Round "3"]
[White "Zhuravleva, Olga"]
[Black "Bilan, Danila"]
[Result "0-1"]
[WhiteElo "2278"]
[BlackElo "2303"]
[PlyCount "106"]
[EventDate "2021.11.16"]
[EventType "swiss (blitz)"]
[EventRounds "11"]
[EventCountry "USA"]
[SourceTitle "CBM 205 Extra"]
[Source "ChessBase"]
[SourceDate "2022.01.31"]
[SourceVersion "1"]
[SourceVersionDate "2022.01.31"]
[SourceQuality "1"]

1. e4 c6 2. Nf3 d5 3. Nc3 Bg4 4. h3 Bxf3 5. Qxf3 e6 6. a3 Nd7 7. d3 g6 8. g3 Bg7 9. Bg2 Ne7 10. 0-0 0-0 11. Qe2 Qc7 12. f4 Bd4+ 13. Kh1 Rae8 14. Qf3 f5 15. Ne2 fxe4 16. dxe4 Bg7 17. Qg4 dxe4 18. Qxe6+ Kh8 19. Qxe4 Nf5 20. Qd3 Rxe2 21. g4 Rxg2 22. Kxg2 Ne7 23. c4 Nc5 24. Qe2 Nb3 25. Rb1 Nxc1 26. Rbxc1 c5 27. Rcd1 Bd4 28. Qe6 Rf6 29. Qe4 Qc6 30. Rde1 Qxe4+ 31. Rxe4 Nc6 32. Kg3 g5 33. Rfe1 gxf4+ 34. Kf3 Kg7 35. b4 b6 36. b5 Na5 37. Re7+ Rf7 38. Rxf7+ Kxf7 39. Rc1 Be3 40. Rc3 Nb7 41. Ke4 Ke6 42. Rd3 Nd6+ 43. Kf3 Nxc4 44. Rd8 Ne5+ 45. Ke4 Nd7 46. Re8+ Kd6 47. Rd8 c4 48. Rc8 Nc5+ 49. Kf3 c3 50. Rd8+ Ke5 51. Re8+ Kd4 52. Rd8+ Kc4 53. g5 c2 0-1

[Event "Titled Tuesday intern op 09th Nov"]
[Site "Chess.com INT"]
[Date "2021.11.09"]
[Round "1"]
[White "Tatarinov, Dmitry"]
[Black "Zhuravleva, Olga"]
[Result "1-0"]
[WhiteElo "2314"]
[BlackElo "2278"]
[PlyCount "97"]
[EventDate "2021.11.09"]
[EventType "swiss (blitz)"]
[EventRounds "11"]
[EventCountry "USA"]
[SourceTitle "CBM 205 Extra"]
[Source "ChessBase"]
[SourceDate "2022.01.31"]
[SourceVersion "1"]
[SourceVersionDate "2022.01.31"]
[SourceQuality "1"]

1. Nf3 Nf6 2. d4 e6 3. c4 b6 4. g3 Bb7 5. Bg2 Bb4+ 6. Nbd2 0-0 7. 0-0 Be7 8. Qc2 d6 9. e4 c5 10. d5 e5 11. Nb1 Re8 12. Nc3 Bf8 13. Ne1 g6 14. Nd3 Bg7 15. Bd2 a6 16. Rae1 Nbd7 17. f4 Rb8 18. f5 Nf8 19. h3 Bc8 20. g4 h6 21. Re3 b5 22. b3 Kh7 23. Rg3 N8d7 24. h4 bxc4 25. bxc4 Nb6 26. Nd1 Bd7 27. Ne3 Ba4 28. Qc1 Bd7 29. Bf3 gxf5 30. Nxf5 Bxf5 31. gxf5 Rg8 32. Kh2 Na4 33. Rfg1 Qf8 34. Bg5 hxg5 35. hxg5 Nxd5 36. exd5 e4 37. Bxe4 Be5 38. Nxe5 dxe5 39. f6+ Rg6 40. Rh3+ Kg8 41. Bxg6 fxg6 42. Qc2 Rb2 43. Qxb2 Nxb2 44. Kg3 e4 45. Rgh1 Qd6+ 46. Kg2 Kf7 47. Rh7+ Ke8 48. Rh8+ Kd7 49. R1h7+ 1-0

[Event "Titled Tuesday intern op 17th Aug"]
[Site "Chess.com INT"]
[Date "2021.08.17"]
[Round "9"]
[White "Zhuravleva, Olga"]
[Black "Agibileg, Uurtsaikh"]
[Result "0-1"]
[WhiteElo "2278"]
[BlackElo "2433"]
[PlyCount "68"]
[EventDate "2021.08.17"]
[EventType "swiss (blitz)"]
[EventRounds "11"]
[EventCountry "USA"]
[SourceTitle "EXT 2022"]
[Source "ChessBase"]
[SourceDate "2021.10.06"]
[SourceVersion "1"]
[SourceVersionDate "2021.10.06"]
[SourceQuality "1"]

1. e4 c5 2. Nf3 e6 3. d4 cxd4 4. Nxd4 Nc6 5. Nc3 Qc7 6. f4 Bb4 7. Nxc6 bxc6 8. Qf3 d5 9. Bd2 Nf6 10. e5 Nd7 11. Bd3 Bb7 12. 0-0 0-0 13. Qh3 g6 14. Rae1 c5 15. f5 exf5 16. Bh6 Rfe8 17. Bf4 Qb6 18. Kh1 c4 19. Bxf5 Nf8 20. Bg4 d4 21. Ne4 Bxe1 22. Nf6+ Kh8 23. Bh6 Rxe5 24. Bxf8 Qxf6 25. Rxf6 Rxf8 26. Bf3 Bb4 27. g4 Be7 28. Rf4 Bg5 29. Bxb7 Bxf4 30. Qf3 g5 31. Be4 Rfe8 32. Bf5 Re1+ 33. Kg2 R8e2+ 34. Qf2 Rxf2+ 0-1

[Event "Titled Tuesday intern op 17th Aug"]
[Site "Chess.com INT"]
[Date "2021.08.17"]
[Round "7"]
[White "Zhuravleva, Olga"]
[Black "Nurmanova, Alua"]
[Result "1-0"]
[WhiteElo "2278"]
[BlackElo "2221"]
[PlyCount "53"]
[EventDate "2021.08.17"]
[EventType "swiss (blitz)"]
[EventRounds "11"]
[EventCountry "USA"]
[SourceTitle "EXT 2022"]
[Source "ChessBase"]
[SourceDate "2021.10.06"]
[SourceVersion "1"]
[SourceVersionDate "2021.10.06"]
[SourceQuality "1"]

1. e4 c5 2. Nf3 d6 3. d4 cxd4 4. Nxd4 Nf6 5. Nc3 a6 6. Bd3 e5 7. Nb3 Be6 8. 0-0 Be7 9. Kh1 0-0 10. f4 exf4 11. Bxf4 Nc6 12. Qf3 Ne5 13. Qf2 b5 14. Rae1 Rc8 15. Nd4 Nfg4 16. Qe2 Qb6 17. Nf5 Rfe8 18. h3 Nf6 19. Nd5 Bxd5 20. exd5 Bf8 21. Be3 Qd8 22. Qf2 Nxd3 23. cxd3 Nxd5 24. Nh6+ gxh6 25. Qxf7+ Kh8 26. Bd4+ Re5 27. Rxe5 1-0

[Event "Titled Tuesday intern op 17th Aug"]
[Site "Chess.com INT"]
[Date "2021.08.17"]
[Round "1"]
[White "Zhuravleva, Olga"]
[Black "Turayev, Shahruh"]
[Result "0-1"]
[WhiteElo "2278"]
[BlackElo "2217"]
[PlyCount "74"]
[EventDate "2021.08.17"]
[EventType "swiss (blitz)"]
[EventRounds "11"]
[EventCountry "USA"]
[SourceTitle "EXT 2022"]
[Source "ChessBase"]
[SourceDate "2021.10.06"]
[SourceVersion "1"]
[SourceVersionDate "2021.10.06"]
[SourceQuality "1"]

1. e4 d5 2. exd5 Qxd5 3. Nc3 Qa5 4. d4 Nf6 5. Nf3 Nc6 6. h3 Bf5 7. Bc4 0-0-0 8. 0-0 Bg6 9. Be3 Bh5 10. Be2 e5 11. g4 exd4 12. Nxd4 Nxd4 13. Bxd4 Bg6 14. Bd3 Rxd4 15. Bf5+ Bxf5 16. Qxd4 Be6 17. a4 Bc5 18. Qf4 Bd6 19. Qe3 a6 20. Rfe1 Kb8 21. Red1 h5 22. g5 Nd5 23. Nxd5 Bxd5 24. Qd4 Bc6 25. h4 Qf5 26. Rd3 Re8 27. Re3 Rxe3 28. Qxe3 Qd5 29. Qh3 Qe4 30. c3 Qe2 31. Rf1 Bf3 32. b4 Bg4 33. Qe3 Qc4 34. Qe8+ Ka7 35. Qe3+ b6 36. f3 Be6 37. Qf2 Qf4 0-1